| 000 | 01001nam a2200313 a 4500 | ||
|---|---|---|---|
| 001 | 000115590 | ||
| 003 | CHAP | ||
| 005 | 20220329144540.0 | ||
| 008 | 190611s2013 mx a |r| ||||||spa d | ||
| 010 | _a112051 | ||
| 011 | _a113023 | ||
| 020 | _a9786071716170 | ||
| 040 | _cCHAP | ||
| 082 | 0 | 4 |
_a628.55 _bA32 |
| 100 | 1 |
_aAlarcón, Alejandro. _93379 |
|
| 245 | 1 | 0 |
_aBiorremediación de suelos y aguas : _bcontaminadas con compuestos orgánicos e inorgánicos / _cpor Alejandro Alarcón y Ronald Ferrera Cerrato. |
| 260 |
_aCiudad de México : _bTrillas, _c2013. |
||
| 300 |
_a333 p. : _bil. |
||
| 590 |
_aBATCH-UPD _b05 _c20190611 _lUCH01 _h1212 |
||
| 590 |
_aE5765TAJ _b05 _c20190611 _lUCH01 _h1211 |
||
| 650 | 1 | 4 |
_aAgua _xContaminación. _92351 |
| 650 | 1 | 4 |
_aAguas residuales _xTratamiento. _9136007 |
| 650 | 1 | 4 |
_aDescontaminación de suelos. _9131259 |
| 650 | 1 | 4 |
_aSuelos _xContaminación. _9110327 |
| 700 | 0 |
_aFerrera Cerrato, Ronald. _940411 |
|
| 901 | _aBK | ||
| 942 | _cLIBRO | ||
| 942 | _n0 | ||
| 999 |
_c112051 _d112051 |
||